Statistics for Authors by Picture

Click here to take the quiz!

General Stats

  • This quiz has been taken 21,343 times
  • The average score is 10 of 16

Answer Stats

Answer% Correct
William Shakespeare
95%
J. K. Rowling
93%
Mark Twain
78%
Leo Tolstoy
76%
Stephen King
76%
Charles Dickens
69%
Edgar Allan Poe
69%
Ernest Hemingway
66%
Oscar Wilde
65%
Homer
56%
James Joyce
50%
Salman Rushdie
46%
Virginia Woolf
43%
Voltaire
42%
Agatha Christie
36%
Jack Kerouac
27%

Score Distribution

Percentile by Number Answered

Percent of People with Each Score

Your Score History

You have not taken this quiz